MARC

LEADER 00000nam0a2200000 4500
001 312083
005 20231102002441.0
035 |a (RuTPU)RU\TPU\book\337450 
090 |a 312083 
100 |a 20151217d1967 k y0rusy50 ca 
101 0 |a rus 
102 |a RU 
105 |a a z 001zy 
200 1 |a Вопросы физики и применения тиристоров  |e [сборник статей]  |f Московский лесотехнический институт (МЛТИ) ; отв. ред. В. А. Горохов 
210 |a Москва  |c Изд-во Московского лесотехнического ин-та  |d 1967 
215 |a 316 с.  |c черт. 
225 1 |a Сборник работ  |v Вып. 16 
320 |a Библиогр. в конце ст. 
606 1 |a Тиристоры  |2 stltpush  |3 (RuTPU)RU\TPU\subj\60625  |9 77864 
610 1 |a физика 
610 1 |a применение 
610 1 |a переходные процессы 
610 1 |a триоды 
610 1 |a вентили 
610 1 |a полупроводниковые вентили 
610 1 |a диоды 
610 1 |a фототиристоры 
610 1 |a измерения 
610 1 |a схемы 
610 1 |a импульсные режимы 
675 |a 621.314.632  |v 4 
702 1 |a Горохов  |b В. А.  |4 340 
712 0 2 |a Московский лесотехнический институт (МЛТИ)  |2 stltpush  |3 (RuTPU)RU\TPU\col\3442 
801 1 |a RU  |b 63413507  |c 20151217 
801 2 |a RU  |b 63413507  |c 20151224  |g RCR 
942 |c BK